Vplyv poklesu cien ropy na import energonosičov EÚ z Ruska

Analýza zahraničného obchodu medzi EÚ a Ruskom so zameraním sa na energetický sektor. Vplyv celkového objemu importu ropy EÚ z Ruska na klesajúcu cenu ropy prostredníctvom komparácie finančných a štatistických ukazovateľov zahraničného obchodu.

Na minha lista:
Detalhes bibliográficos
Autor principal: Žatko, Matúš, 1991-
Formato: Capítulo de Livro
Idioma:eslovaco
Assuntos:
Tags: Adicionar Tag
Sem tags, seja o primeiro a adicionar uma tag!

MARC

LEADER 00000naa$a2200000$$$4500
001 0226321
005 20240502073723.5
041 0 |a slo 
044 |a SK 
245 1 0 |a Vplyv poklesu cien ropy na import energonosičov EÚ z Ruska  |c Matúš Žatko 
520 |a Analýza zahraničného obchodu medzi EÚ a Ruskom so zameraním sa na energetický sektor. Vplyv celkového objemu importu ropy EÚ z Ruska na klesajúcu cenu ropy prostredníctvom komparácie finančných a štatistických ukazovateľov zahraničného obchodu. 
610 2 0 |a komodity 
610 2 0 |a ceny 
610 2 0 |a ropa 
610 2 0 |a obchod medzinárodný 
610 2 0 |a obchod zahraničný 
610 2 0 |a bezpečnosť energetická 
610 2 0 |a Európska únia 
610 2 0 |a Rusko 
100 1 |a Žatko, Matúš, 1991-